000 00475 a2200193 4500
999 _c12130
_d12130
003 OSt
005 20231117124211.0
008 231117b ||||| |||| 00| 0 eng d
020 _a9780727725936
040 _aBMSCA
041 _aeng
082 _a658.404
_bMOR
100 _aPeter Morris
245 _aThe Management Of Projects
260 _bThomas Telford Publishing,
_c1997.
_aLondon:
300 _aXI,358p.:
_c15cm.
650 _2Project management
942 _2ddc